000
00294nam a2200121Ia 4500
005
20251222144905.0
008
251222s9999||||xx |||||||||||||| ||spa||
082
_a
236.02/A34
100
_a
Alastruey, Gregorio
245
0
_a
Tratado de la Virgen SantÃsima
264
_b
Católica
942
_c
LIB
999
_c
22132
_d
22132